Fr. Conceicao Rodrigues College of Engineering

Engineering physics (Record no. 23617)

MARC details
000 -LEADER
fixed length control field 00281nam a2200133Ia 4500
082 ## - DEWEY DECIMAL CLASSIFICATION NUMBER
Classification number 530
100 ## - MAIN ENTRY--PERSONAL NAME
Personal name Bhandarkar/B.G.
245 ## - TITLE STATEMENT
Title Engineering physics
260 ## - PUBLICATION, DISTRIBUTION, ETC.
Name of publisher, distributor, etc. Vrinda publication
Place of publication, distribution, etc. Jalgaon
Date of publication, distribution, etc. 1981
300 ## - PHYSICAL DESCRIPTION
Extent 155
546 ## - LANGUAGE NOTE
Language note ENGLISH
654 ## - SUBJECT ADDED ENTRY--FACETED TOPICAL TERMS
Focus term Physics
942 ## - ADDED ENTRY ELEMENTS (KOHA)
Koha item type BOOK
Holdings
Withdrawn status Lost status Damaged status Not for loan Collection Home library Current library Date acquired Source of acquisition Cost, normal purchase price Inventory number Total Checkouts Full call number Barcode Date last seen Cost, replacement price Price effective from Koha item type
        AFT Fr. Agnel's C.Rodrigues College of Engineering Fr. Agnel's C.Rodrigues College of Engineering 17/03/2023 VBD 14.00 1595   530 AFT3257 17/03/2023 14.00 17/03/2023 BOOK